All Juice WRLD Songs - Statistics

General Stats
  • This quiz has been taken 15,730 times
    3,060 since last reset
  • The average score is 58 of 147
Answer Stats
Album Year % Correct
9 9 9 | Goodbye & Good Riddance Lucid Dreams
93%
Goodbye & Good Riddance All Girls Are the Same
85%
Death Race for Love Empty
74%
Death Race for Love Robbery
74%
Too Soon... Legends
69%
Legends Never Die Wishing Well
67%
F**k Love Go!
65%
Goodbye & Good Riddance Lean Wit Me
65%
Goodbye & Good Riddance Wasted
65%
Wrld on Drugs Fine China
63%
Single #2 Armed and Dangerous
62%
Single #7 Bandit
61%
Goodbye & Good Riddance Black & White
60%
Goodbye & Good Riddance Candles
59%
Legends Never Die Come & Go
55%
Legends Never Die Conversations
54%
The Party Never Ends 2.0 Empty Out Your Pockets
53%
9 9 9 | Goodbye & Good Riddance Hurt Me
53%
9 9 9 let me know (I wonder why freestyle)
53%
Death Race for Love Maze
53%
Fighting Demons Burn
52%
Legends Never Die Righteous
52%
Goodbye & Good Riddance End of the Road
51%
Too Soon... Rich and Blind
51%
Legends Never Die Titanic
51%
Death Race for Love Fast
50%
Goodbye & Good Riddance Intro
50%
The Party Never Ends 2.0 The Party Never Ends
50%
The Party Never Ends 2.0 Lace It
49%
Goodbye & Good Riddance Used To
49%
Goodbye & Good Riddance I'll Be Fine
48%
Goodbye & Good Riddance I'm Still
48%
Legends Never Die Blood on My Jeans
47%
Death Race for Love Flaws and Sins
47%
The Party Never Ends 2.0 Misfit
47%
Fighting Demons Cigarettes
46%
The Party Never Ends 2.0 AGATS2 (Insecure)
45%
Single #4 Hate Me
45%
Death Race for Love Hear Me Calling
45%
Fighting Demons Already Dead
44%
Legends Never Die Fighting Demons
44%
Legends Never Die Man of the Year
44%
Goodbye & Good Riddance Scared of Love
44%
Legends Never Die Smile
44%
Legends Never Die Stay High
44%
Newest Single The Light
44%
Goodbye & Good Riddance Long Gone
43%
Death Race for Love Syphilis
43%
Death Race for Love The Bees Knees
43%
9 9 9 moonlight
42%
Wrld on Drugs Oxy
42%
The Pre-Party World Tour (Aquafina)
42%
Fighting Demons Doom
41%
Death Race for Love Feeling
41%
Legends Never Die Hate the Other Side
41%
The Party Never Ends 2.0 KTM Drip
41%
The Party Never Ends 2.0 Party by Myself
41%
The Party Never Ends 2.0 Barbarian
40%
Death Race for Love Big
40%
The Pre-Party Cavalier
40%
The Party Never Ends 2.0 Cuffed
40%
Death Race for Love HeMotions
40%
Legends Never Die Life's a Mess
40%
Death Race for Love Ring Ring
40%
Death Race for Love 10 Feet
39%
Death Race for Love Demonz (Interlude)
39%
Death Race for Love Make Believe
39%
Death Race for Love Rider
39%
Legends Never Die Up Up and Away
39%
Death Race for Love Who Shot Cupid?
39%
Single #11 Bad Boy
38%
Fighting Demons Feline
38%
Single #6 Graduation
38%
Fighting Demons Juice WRLD Speaks
38%
Fighting Demons Sometimes
38%
Fighting Demons Go Hard
37%
Goodbye & Good Riddance Karma (Skit)
37%
Friends Keep Secrets Roses
37%
Legends Never Die Screw Juice
37%
Wrld on Drugs Wrld on Drugs
37%
Legends Never Die Bad Energy
36%
The Pre-Party Both Ways
36%
The Party Never Ends 2.0 Goodbye
36%
The Party Never Ends 2.0 Jeffrey
36%
Death Race for Love On God
36%
The Party Never Ends 2.0 Oxycodone
36%
Legends Never Die Tell Me U Luv Me
36%
The Party Never Ends 2.0 Adore You
35%
The Party Never Ends 2.0 Best Friend
35%
Legends Never Die Can't Die
35%
The Party Never Ends 2.0 Condone It
35%
Death Race for Love Desire
35%
Fighting Demons From My Window
35%
New Single In My Head
35%
The Party Never Ends 2.0 Love Letter
35%
The Party Never Ends 2.0 Spend It
35%
Legends Never Die Anxiety (Intro)
34%
The Party Never Ends 2.0 Floor It
34%
The Pre-Party Lightyears
34%
Goodbye & Good Riddance Betrayal (Skit)
33%
Fighting Demons Eminem Speaks
33%
Death Race for Love Out My Way
33%
Wrld on Drugs Realer n Realer
33%
Death Race for Love She's the One
33%
Fighting Demons Wandered to LA
33%
Newer Single Face 2 Face
32%
Fighting Demons Go Hard 2.0
32%
Legends Never Die I Want It
32%
Wrld on Drugs Jet Lag
32%
Fighting Demons Rockstar in His Prime
32%
Fighting Demons Girl of My Dreams
31%
Death Race for Love Won't Let Go
30%
Wrld on Drugs Astronauts
29%
The Party Never Ends 2.0 Celebrate
29%
Fighting Demons Not Enough
29%
Fighting Demons Relocate
29%
Legends Never Die Juice WRLD Speaks from Heaven (Outro)
28%
Fighting Demons You Wouldn't Understand
28%
Wrld on Drugs 7 Am Freestyle
27%
Fighting Demons Feel Alone
27%
Wrld on Drugs Hard Work Pays Off
27%
Fighting Demons Juice WRLD Speaks 2
27%
Fighting Demons My Life in a Nutshell
26%
Fighting Demons Until the Plug Comes Back Around
26%
Wrld on Drugs Make It Back
24%
Single #9 Real Sh*t
24%
Wrld on Drugs Red Bentley
24%
Legends Never Die The Man, The Myth, The Legend (Interlude)
24%
Single #10 Reminds Me of You
23%
Newest Single Yet Doomsday
22%
Wrld on Drugs No Issue
22%
Wrld on Drugs Shorty
22%
Legends Never Die Get Through It (Interlude)
21%
9 9 9 rainbow
21%
Single #12 Life's a Mess II
20%
Wrld on Drugs Transformer
20%
Wrld on Drugs Ain't Livin Right
18%
Wrld on Drugs Different
17%
9 9 9 two cups (everything's going my way)
17%
9 9 9 eye contact (look me in my eyes)
16%
9 9 9 lost her
14%
Single #8 No Me Ame
14%
Single #5 Run
14%
9 9 9 until it's over (closure)
13%
Single #3 Being in Love
2%
No matching quizzes found
Score Distribution
Percent of People with Each Score
Percentile by Number Answered
Your Score History
You have not taken this quiz since the last reset